Operations and supply management : (Record no. 96520)

MARC details
000 -LEADER
fixed length control field 00814cam a22002534a 4500
008 - FIXED-LENGTH DATA ELEMENTS--GENERAL INFORMATION
fixed length control field
020 ## - INTERNATIONAL STANDARD BOOK NUMBER
International Standard Book Number 007340330X (hbk.)
049 0# - LOCAL HOLDINGS (OCLC)
Holding library MAIN
090 0# - LOCALLY ASSIGNED LC-TYPE CALL NUMBER (OCLC); LOCAL CALL NUMBER (RLIN)
Classification number (OCLC) (R) ; Classification number, CALL (RLIN) (NR) TS155
Local cutter number (OCLC) ; Book number/undivided call number, CALL (RLIN) JAC
003 - CONTROL NUMBER IDENTIFIER
control field
005 - DATE AND TIME OF LATEST TRANSACTION
control field 20230120133839.0
040 ## - CATALOGING SOURCE
Transcribing agency NUST
100 1# - MAIN ENTRY--PERSONAL NAME
Personal name Jacobs, F. Robert.
245 10 - TITLE STATEMENT
Title Operations and supply management :
Remainder of title the core /
Statement of responsibility, etc. F. Robert Jacobs [and] Richard B. Chase.
260 ## - PUBLICATION, DISTRIBUTION, ETC.
Place of publication, distribution, etc. Boston :
Name of publisher, distributor, etc. McGraw Hill/Irwin,
Date of publication, distribution, etc. c2008.
300 ## - PHYSICAL DESCRIPTION
Extent xiii, 415 p. :
Other physical details col ill. ;
Dimensions 27 cm.
440 #0 - SERIES STATEMENT/ADDED ENTRY--TITLE
Title McGraw-Hill/Irwin series operations and decision sciences.
500 ## - GENERAL NOTE
General note Includes index.
504 ## - BIBLIOGRAPHY, ETC. NOTE
Bibliography, etc. note Includes bibliographical references.
650 #0 - SUBJECT ADDED ENTRY--TOPICAL TERM
Topical term or geographic name entry element Production management.
700 1# - ADDED ENTRY--PERSONAL NAME
Personal name Chase, Richard B.
907 ## - LOCAL DATA ELEMENT G, LDG (RLIN)
a .b10285945
b 07-02-14
c 02-11-10
942 ## - ADDED ENTRY ELEMENTS (KOHA)
Koha item type Ordinary Loan Books
Call number prefix TS155
Call number suffix JAC

No items available.